000 00729nab a2200217 4500
003 BR-BrBNA
005 20251222131905.0
008 251222b bl.||||| |||| 00| 0 por d
040 _aBR-BrBNA
_bpor
072 _aF01 ; Q01 ; Q02 ; Q04 ; E70
_b0150
100 _aPontes, Alécia
245 _aGôndola vitaminada
_bAgronegócios
500 _a2 illus.
650 _aARROZ
650 _aTECNOLOGIA DE ALIMENTO
650 _aSELO DE QUALIDADE
650 _aCOMERCIALIZAÇÃO
773 0 _01706
_9348080
_dSão Paulo-SP Editora Três Ltda - E-mail: luizfsa@revistadinheiro.com.br 2004
_o2025-0574
_tDinheiro Rural (Brazil)
_x1807-3700
_gv. 9(102) p. 62; (Apr 2013)
_wBR2025005293
942 _cANA
999 _c339541
_d339541